[Event "Pereira Gildardo Garcia Memorial-A"]
[Site "Pereira"]
[Date "2022.05.22"]
[Round "10"]
[White "Avila Bautista, Roberto Al"]
[Black "Valencia Gantiva, Cristian"]
[Result "1/2-1/2"]
[WhiteElo "2126"]
[BlackElo "1919"]
[PlyCount "29"]
[EventDate "2022.05.18"]
[EventType "swiss"]
[EventRounds "10"]
[EventCountry "COL"]
[SourceTitle "CBM 208 Extra"]
[Source "ChessBase"]
[SourceDate "2022.07.31"]
[SourceVersion "1"]
[SourceVersionDate "2022.07.31"]
[SourceQuality "1"]

1. Nf3 Nf6 2. g3 g6 3. b3 Bg7 4. Bb2 d6 5. Bg2 0-0 6. 0-0 e5 7. c4 Re8 8. Nc3 e4 9. Ne1 Bf5 10. d3 c6 11. dxe4 Nxe4 12. Rc1 Qe7 13. e3 h5 14. Ba1 Nxg3 15. hxg3 1/2-1/2

[Event "COL Subzt 2.3.4"]
[Site "Risarald"]
[Date "2021.11.25"]
[Round "5"]
[White "Carrillo Parra, Miguel Alfredo"]
[Black "Valencia Gantiva, Cristian"]
[Result "1-0"]
[WhiteElo "2167"]
[BlackElo "1893"]
[PlyCount "109"]
[EventDate "2021.11.23"]
[EventType "swiss"]
[EventRounds "9"]
[EventCountry "COL"]
[SourceTitle "CBM 205 Extra"]
[Source "ChessBase"]
[SourceDate "2022.01.31"]
[SourceVersion "1"]
[SourceVersionDate "2022.01.31"]
[SourceQuality "1"]

1. d4 Nf6 2. c4 g6 3. Nc3 Bg7 4. e4 d6 5. f3 0-0 6. Bg5 Nbd7 7. Qd2 Re8 8. Bh6 e5 9. Bxg7 Kxg7 10. d5 a5 11. Nge2 Nc5 12. g4 h5 13. h3 hxg4 14. hxg4 Rh8 15. Rxh8 Kxh8 16. 0-0-0 Nh7 17. Nb5 Bd7 18. Nec3 Na6 19. Kb1 b6 20. Qh2 Kg7 21. Be2 Qf6 22. Rh1 Rh8 23. Na3 Kg8 24. Nc2 Ng5 25. Qxh8+ Qxh8 26. Rxh8+ Kxh8 27. a3 Kg7 28. b4 axb4 29. axb4 Bc8 30. Kc1 Kf6 31. Kd2 Nh3 32. Ke3 Kg5 33. c5 bxc5 34. Bxa6 Bxa6 35. bxc5 dxc5 36. Na4 c4 37. Na3 f5 38. gxf5 gxf5 39. Nc5 Bc8 40. Nxc4 f4+ 41. Ke2 Kf6 42. Nd3 Ba6 43. Ncxe5 Bb5 44. Kf1 Ng5 45. Kg2 Nh7 46. Ng4+ Kg5 47. Ndf2 Bd7 48. Nh3+ Kh4 49. Ngf2 c6 50. d6 Nf6 51. Nxf4 Kg5 52. e5 Ne8 53. e6 Bxe6 54. Nxe6+ Kf6 55. d7 1-0

[Event "COL Subzt 2.3.4"]
[Site "Risarald"]
[Date "2021.11.24"]
[Round "3"]
[White "Valencia Gantiva, Cristian"]
[Black "Hernandez, Jeronimo"]
[Result "1/2-1/2"]
[WhiteElo "1893"]
[BlackElo "2171"]
[PlyCount "64"]
[EventDate "2021.11.23"]
[EventType "swiss"]
[EventRounds "9"]
[EventCountry "COL"]
[SourceTitle "CBM 205 Extra"]
[Source "ChessBase"]
[SourceDate "2022.01.31"]
[SourceVersion "1"]
[SourceVersionDate "2022.01.31"]
[SourceQuality "1"]

1. e4 e5 2. Nf3 Nc6 3. Bb5 a6 4. Ba4 Nf6 5. 0-0 b5 6. Bb3 Be7 7. Re1 d6 8. c3 0-0 9. h3 Nb8 10. d4 Nbd7 11. Nbd2 Bb7 12. Bc2 c5 13. Nf1 Re8 14. Ng3 g6 15. Bg5 Qc7 16. d5 c4 17. Nh2 Nxd5 18. Bxe7 Nxe7 19. Qg4 Kh8 20. Rad1 Rad8 21. Rd2 Nc5 22. Qh4 Ng8 23. Red1 f6 24. Ng4 Kg7 25. Ne3 Ne7 26. Ng4 Ng8 27. Ne3 Kh8 28. Ngf1 Rd7 29. Nd5 Bxd5 30. Rxd5 Kg7 31. Ne3 Qd8 32. Qg4 h5 1/2-1/2

[Event "COL Subzt 2.3.4"]
[Site "Risarald"]
[Date "2021.11.23"]
[Round "1"]
[White "Valencia Gantiva, Cristian"]
[Black "Gonzalez Bolivar, Juan Jose"]
[Result "1/2-1/2"]
[WhiteElo "1893"]
[BlackElo "1427"]
[PlyCount "106"]
[EventDate "2021.11.23"]
[EventType "swiss"]
[EventRounds "9"]
[EventCountry "COL"]
[SourceTitle "CBM 205 Extra"]
[Source "ChessBase"]
[SourceDate "2022.01.31"]
[SourceVersion "1"]
[SourceVersionDate "2022.01.31"]
[SourceQuality "1"]

1. e4 e5 2. Nf3 Nc6 3. Bb5 a6 4. Ba4 Nf6 5. 0-0 Be7 6. Re1 b5 7. Bb3 0-0 8. c3 d5 9. exd5 Nxd5 10. Nxe5 Nxe5 11. Rxe5 c6 12. d4 Bd6 13. Re1 Qh4 14. g3 Qh3 15. Re4 g5 16. Qf1 Qh5 17. Nd2 f5 18. Re1 f4 19. Ne4 Bc7 20. a4 Bf5 21. Bd1 Qg6 22. Qg2 Rae8 23. f3 g4 24. Bd2 Bxe4 25. fxe4 f3 26. Qf2 Rxe4 27. axb5 axb5 28. Bc2 Rxe1+ 29. Bxe1 Qe6 30. Qd2 Qe3+ 31. Qxe3 Nxe3 32. Bd3 Bb6 33. Kf2 Nd5 34. b3 Re8 35. Bd2 Kg7 36. h3 b4 37. hxg4 bxc3 38. Bg5 Bxd4+ 39. Kxf3 Nb4 40. Be4 h6 41. Bf4 Be5 42. Ra7+ Kf6 43. Bxh6 c2 44. Bc1 Bxg3 45. g5+ Ke5 46. Ra5+ Kd6 47. Bxc2 Nxc2 48. Kxg3 Rg8 49. Bf4+ Kd7 50. Ra7+ Ke6 51. Kg4 Nd4 52. Rb7 Kd5 53. Re7 Nxb3 1/2-1/2

[Event "COL-ch sf"]
[Site "Santa Rosa"]
[Date "2021.08.15"]
[Round "9"]
[White "Londono Lopez, Donaldo Eliuver"]
[Black "Valencia Gantiva, Cristian"]
[Result "1-0"]
[WhiteElo "2083"]
[BlackElo "1904"]
[PlyCount "53"]
[EventDate "2021.08.11"]
[EventType "swiss"]
[EventRounds "11"]
[EventCountry "COL"]
[SourceTitle "CBM 204 Extra"]
[Source "ChessBase"]
[SourceDate "2021.11.30"]
[SourceVersion "1"]
[SourceVersionDate "2021.11.30"]
[SourceQuality "1"]

1. e4 c5 2. Nf3 d6 3. d4 cxd4 4. Nxd4 Nf6 5. Nc3 a6 6. Bg5 e6 7. f4 Qb6 8. a3 Nc6 9. Nb3 h6 10. Bxf6 gxf6 11. Qd2 Bd7 12. Be2 h5 13. 0-0-0 Rb8 14. Rhf1 Qc7 15. Kb1 b5 16. Rf3 Na5 17. Nxa5 Qxa5 18. f5 Qc7 19. fxe6 fxe6 20. Rxf6 b4 21. axb4 Bg7 22. Qg5 Bxf6 23. Qxf6 Rh7 24. Qg6+ Kd8 25. Qxh7 Rxb4 26. Qh8+ Be8 27. Bxh5 1-0

[Event "COL-ch sf"]
[Site "Santa Rosa"]
[Date "2021.08.13"]
[Round "5"]
[White "Dominguez Rincon, Miller Duvan"]
[Black "Valencia Gantiva, Cristian"]
[Result "0-1"]
[WhiteElo "2106"]
[BlackElo "1904"]
[PlyCount "72"]
[EventDate "2021.08.11"]
[EventType "swiss"]
[EventRounds "11"]
[EventCountry "COL"]
[SourceTitle "CBM 204 Extra"]
[Source "ChessBase"]
[SourceDate "2021.11.30"]
[SourceVersion "1"]
[SourceVersionDate "2021.11.30"]
[SourceQuality "1"]

1. d4 d5 2. c4 e6 3. Nc3 Nf6 4. Bg5 Be7 5. e3 Nbd7 6. Nf3 c6 7. Rc1 0-0 8. Bd3 dxc4 9. Bxc4 Nd5 10. Bxe7 Qxe7 11. 0-0 Nxc3 12. Rxc3 e5 13. Bb3 exd4 14. exd4 Qd6 15. Re1 Nf6 16. Ne5 Nd5 17. Rg3 Bf5 18. Qf3 Bg6 19. h4 Rae8 20. h5 f6 21. Rxg6 hxg6 22. hxg6 fxe5 23. Qh5 Rf4 24. Qh7+ Kf8 25. Qh8+ Ke7 26. Qxg7+ Kd8 27. Qxb7 Rxd4 28. Qa8+ Kd7 29. Qxa7+ Qc7 30. Qc5 Rg8 31. f4 Rxf4 32. Bxd5 cxd5 33. Qxd5+ Qd6 34. Qb5+ Ke6 35. Qb3+ Kf6 36. Re3 Rxg6 0-1

[Event "COL-ch sf"]
[Site "Santa Rosa"]
[Date "2021.08.13"]
[Round "4"]
[White "Valencia Gantiva, Cristian"]
[Black "Cruz Duque, Esteban"]
[Result "1-0"]
[WhiteElo "1904"]
[BlackElo "1343"]
[PlyCount "51"]
[EventDate "2021.08.11"]
[EventType "swiss"]
[EventRounds "11"]
[EventCountry "COL"]
[SourceTitle "CBM 204 Extra"]
[Source "ChessBase"]
[SourceDate "2021.11.30"]
[SourceVersion "1"]
[SourceVersionDate "2021.11.30"]
[SourceQuality "1"]

1. e4 c5 2. Nf3 g6 3. d4 cxd4 4. Nxd4 Bg7 5. c4 Nc6 6. Be3 Nf6 7. Nc3 0-0 8. Be2 d6 9. 0-0 a6 10. f3 Nxd4 11. Bxd4 e5 12. Be3 Be6 13. Qd2 Rc8 14. b3 Qa5 15. Rac1 Rfd8 16. Rfd1 Qc7 17. Bf1 Nh5 18. Qf2 Qe7 19. Nd5 Bxd5 20. Rxd5 Bf6 21. Rcd1 Bh4 22. Qd2 Rc6 23. c5 Nf6 24. Rxd6 Rcxd6 25. cxd6 Qd7 26. g3 1-0

[Event "Pereira op-A"]
[Site "Pereira"]
[Date "2021.02.28"]
[Round "6"]
[White "Buitrago, Juan Carlos"]
[Black "Valencia Gantiva, Cristian"]
[Result "0-1"]
[WhiteElo "2006"]
[BlackElo "1897"]
[PlyCount "52"]
[EventDate "2021.02.25"]
[EventType "swiss"]
[EventRounds "7"]
[EventCountry "COL"]
[SourceTitle "EXT 2022"]
[Source "ChessBase"]
[SourceDate "2021.10.06"]
[SourceVersion "1"]
[SourceVersionDate "2021.10.06"]
[SourceQuality "1"]

1. d4 d5 2. c4 e6 3. Nc3 Nf6 4. Bg5 Be7 5. e3 0-0 6. Nf3 Nbd7 7. Rc1 c6 8. Bd3 dxc4 9. Bxc4 Nd5 10. Bxe7 Qxe7 11. 0-0 Nxc3 12. Rxc3 e5 13. dxe5 Nxe5 14. Nxe5 Qxe5 15. f4 Qe4 16. Qe2 Re8 17. Bd3 Qe7 18. Qh5 g6 19. Qh6 Qxe3+ 20. Kh1 Qd2 21. Qh4 Qxb2 22. Rb3 Qd4 23. Qg5 Be6 24. Ra3 f5 25. Bb1 Bd5 26. Bxf5 Qf2 0-1

[Event "Pereira op-A"]
[Site "Pereira"]
[Date "2021.02.27"]
[Round "4"]
[White "Londono Lopez, Donaldo Eliuver"]
[Black "Valencia Gantiva, Cristian"]
[Result "0-1"]
[WhiteElo "1963"]
[BlackElo "1897"]
[PlyCount "144"]
[EventDate "2021.02.25"]
[EventType "swiss"]
[EventRounds "7"]
[EventCountry "COL"]
[SourceTitle "EXT 2022"]
[Source "ChessBase"]
[SourceDate "2021.10.06"]
[SourceVersion "1"]
[SourceVersionDate "2021.10.06"]
[SourceQuality "1"]

1. e4 c5 2. Nf3 d6 3. d4 cxd4 4. Nxd4 Nf6 5. Nc3 a6 6. Bg5 e6 7. f4 Qb6 8. a3 Nc6 9. Nb3 Be7 10. Qd2 h6 11. Bxf6 Bxf6 12. 0-0-0 Be7 13. Kb1 Bd7 14. Na4 Qc7 15. Qf2 Bd8 16. Nc3 Rb8 17. f5 Bf6 18. Be2 b5 19. fxe6 fxe6 20. Bh5+ Ke7 21. Rhf1 Ne5 22. Qg3 Rhg8 23. Nd4 Qa5 24. b4 Qd8 25. Nf3 Be8 26. Bxe8 Qxe8 27. Nd4 Rc8 28. Nce2 Nc6 29. Nb3 Be5 30. Qh4+ Bf6 31. Qf2 Qh5 32. Nf4 Qe8 33. Qb6 Qd8 34. Qxa6 Qc7 35. Qxb5 Nxb4 36. Ng6+ Kf7 37. Ne5+ Kf8 38. Ng6+ Kf7 39. Ne5+ Ke7 40. Qd7+ Qxd7 41. Nxd7 Nxc2 42. e5 Nxa3+ 43. Ka2 Kxd7 44. Rxd6+ Ke7 45. Kxa3 Bxe5 46. Ra6 Ra8 47. Rxa8 Rxa8+ 48. Kb4 Bxh2 49. Ra1 Bd6+ 50. Kc4 Rxa1 51. Nxa1 Kf6 52. Nc2 Bf4 53. Kd3 Kg5 54. Nd4 e5 55. Ne6+ Kf6 56. Nc5 Kf5 57. Ne4 Kg4 58. Ke2 h5 59. Kf2 h4 60. Nc3 Kf5 61. Kf3 g5 62. Kf2 g4 63. Ke2 Bg3 64. Ke3 Bf4+ 65. Ke2 Bc1 66. Kf2 Bb2 67. Nd1 Bd4+ 68. Kf1 Kf4 69. Ke2 Kg3 70. Kf1 Kh2 71. Nf2 Bxf2 72. Kxf2 e4 0-1

[Event "Pan American-ch U2000"]
[Site "Carilo Village"]
[Date "2016.10.27"]
[Round "4"]
[White "Rodriguez, Roberto"]
[Black "Valencia Gantiva, Cristian"]
[Result "1/2-1/2"]
[WhiteElo "1949"]
[BlackElo "1928"]
[PlyCount "35"]
[EventDate "2016.10.25"]
[EventType "swiss"]
[EventRounds "9"]
[EventCountry "ARG"]
[SourceTitle "EXT 2022"]
[Source "ChessBase"]
[SourceDate "2021.10.06"]
[SourceVersion "1"]
[SourceVersionDate "2021.10.06"]
[SourceQuality "1"]

1. d4 Nf6 2. Nf3 d5 3. c4 e6 4. Nc3 Bb4 5. Bg5 h6 6. Bxf6 Qxf6 7. e3 0-0 8. Bd3 c5 9. 0-0 Nc6 10. cxd5 Bxc3 11. dxc6 Ba5 12. Qa4 Bb6 13. dxc5 Bxc5 14. Qe4 Qf5 15. Qc4 Qh5 16. Qe4 Qf5 17. Qc4 Qh5 18. Qe4 1/2-1/2

[Event "East Region-ch U18"]
[Site "Armenia"]
[Date "2012.04.14"]
[Round "4.3"]
[White "Valencia Gantiva, Cristian"]
[Black "Ruiz Castillo, Joshua Daniel"]
[Result "1/2-1/2"]
[WhiteElo "1936"]
[BlackElo "2178"]
[PlyCount "129"]
[EventDate "2012.04.12"]
[EventType "swiss"]
[EventRounds "6"]
[EventCountry "COL"]
[SourceTitle "EXT 2024"]
[Source "ChessBase"]
[SourceDate "2023.10.10"]
[SourceVersion "1"]
[SourceVersionDate "2023.10.10"]
[SourceQuality "1"]

1. e4 c5 2. Nf3 d6 3. d4 cxd4 4. Qxd4 a6 5. Be3 Nf6 6. Nc3 Bg4 7. h3 Nc6 8. Qd2 Bd7 9. g4 h6 10. Nd4 Nxd4 11. Bxd4 e5 12. Be3 Be6 13. Bg2 Be7 14. f4 exf4 15. Bxf4 Qb6 16. 0-0-0 0-0-0 17. Nd5 Bxd5 18. exd5 Nd7 19. Be3 Qxe3 20. Qxe3 Bg5 21. Rde1 Ne5 22. Rhf1 Bxe3+ 23. Rxe3 f6 24. Be4 Kb8 25. b3 Rc8 26. Kb2 Rc5 27. Rc1 Rhc8 28. c3 Ka7 29. Bf5 Re8 30. Be6 Re7 31. Rg3 Ng6 32. c4 Rec7 33. a4 b5 34. axb5 axb5 35. Ra1+ Kb6 36. Ra8 Kb7 37. Rd8 Ne5 38. Rxd6 Rxc4 39. Bf5 b4 40. bxc4 Nxc4+ 41. Kb3 Nxd6 42. Kxb4 Rc4+ 43. Kb3 Rd4 44. Be6 Nb5 45. Re3 Kc7 46. Kc2 Kd6 47. Rb3 Kc5 48. Re3 Nc7 49. Rc3+ Rc4 50. Rxc4+ Kxc4 51. Kd2 Nxd5 52. h4 g5 53. hxg5 hxg5 54. Bxd5+ Kxd5 55. Kd3 Ke5 56. Ke3 Ke6 57. Ke4 Ke7 58. Kd3 Kd7 59. Ke3 Kc6 60. Ke4 Kd6 61. Kd4 Ke7 62. Kd3 Kf7 63. Ke3 Ke8 64. Ke4 Kd7 65. Ke3 1/2-1/2

[Event "East Region-ch U18"]
[Site "Armenia"]
[Date "2012.04.12"]
[Round "2.3"]
[White "Jaramillo Ochoa, Mateo"]
[Black "Valencia Gantiva, Cristian"]
[Result "1-0"]
[WhiteElo "1963"]
[BlackElo "1936"]
[PlyCount "67"]
[EventDate "2012.04.12"]
[EventType "swiss"]
[EventRounds "6"]
[EventCountry "COL"]
[SourceTitle "EXT 2024"]
[Source "ChessBase"]
[SourceDate "2023.10.10"]
[SourceVersion "1"]
[SourceVersionDate "2023.10.10"]
[SourceQuality "1"]

1. e4 c5 2. Nf3 d6 3. d4 cxd4 4. Nxd4 Nf6 5. Nc3 a6 6. Be2 e5 7. Nb3 Be7 8. Be3 Qc7 9. 0-0 b5 10. Qd2 Bb7 11. f3 0-0 12. a4 b4 13. Nd5 Nxd5 14. exd5 a5 15. c3 bxc3 16. bxc3 Nd7 17. c4 Nc5 18. Rfb1 Rfb8 19. Nxc5 dxc5 20. Rb5 Bc8 21. Rab1 Bd7 22. Rxb8+ Rxb8 23. Rxb8+ Qxb8 24. Qxa5 Qb4 25. Qxb4 cxb4 26. Bd1 Bc8 27. Bb6 Kf8 28. Bb3 Ke8 29. c5 Bg5 30. Bc4 f5 31. c6 Be7 32. a5 Bd8 33. Kf2 f4 34. d6 1-0

[Event "Bogota Semana Santa op"]
[Site "Bogota"]
[Date "2012.04.07"]
[Round "7"]
[White "Otero Martinez, Daniel"]
[Black "Valencia Gantiva, Cristian"]
[Result "1-0"]
[WhiteElo "2111"]
[BlackElo "1936"]
[PlyCount "71"]
[EventDate "2012.04.04"]
[EventType "swiss"]
[EventRounds "9"]
[EventCountry "COL"]
[SourceTitle "CBM 147 Extra"]
[Source "ChessBase"]
[SourceDate "2012.04.24"]
[SourceVersion "1"]
[SourceVersionDate "2012.04.24"]
[SourceQuality "1"]

1. e4 c5 2. d4 cxd4 3. c3 dxc3 4. Nxc3 d6 5. Bc4 e6 6. Nf3 Be7 7. 0-0 Nf6 8. Qe2 a6 9. Rd1 Qa5 10. Bf4 e5 11. Bd2 Qc7 12. Rac1 Nc6 13. Nd5 Qd8 14. Be3 Nxd5 15. exd5 Nb8 16. Bd3 0-0 17. Qc2 f5 18. Bf1 Qe8 19. Bg5 h6 20. Bxe7 Qxe7 21. Qc7 Nd7 22. Nd2 Rf6 23. Nc4 Kf8 24. Nb6 Nxb6 25. Qxb6 Kg8 26. f4 e4 27. Rc3 Rf8 28. Rdc1 g5 29. Rc7 Qf6 30. Qf2 Re8 31. R1c3 g4 32. a4 Qd8 33. Qd4 Re7 34. Qf6 Qxc7 35. Rxc7 Rxc7 36. Qd8+ 1-0

[Event "Armenia Nacional Escolar U17"]
[Site "Armenia"]
[Date "2011.03.10"]
[Round "3.1"]
[White "Mercado, Luisa Fernanda"]
[Black "Valencia Gantiva, Cristian"]
[Result "1-0"]
[WhiteElo "2056"]
[BlackElo "1960"]
[PlyCount "101"]
[EventDate "2011.03.09"]
[EventType "swiss"]
[EventRounds "7"]
[EventCountry "COL"]
[SourceTitle "EXT 2024"]
[Source "ChessBase"]
[SourceDate "2023.10.10"]
[SourceVersion "1"]
[SourceVersionDate "2023.10.10"]
[SourceQuality "1"]

1. e4 c5 2. Nf3 d6 3. c3 a6 4. Be2 Nf6 5. 0-0 Nbd7 6. d3 e6 7. Re1 Be7 8. Bf1 0-0 9. d4 Qc7 10. Bg5 Re8 11. Nbd2 b6 12. e5 dxe5 13. dxe5 Nd5 14. Bd3 Bxg5 15. Nxg5 Nxe5 16. Bxh7+ Kf8 17. Be4 Bb7 18. Qh5 Nf6 19. Nh7+ Nxh7 20. Bxh7 Nd7 21. Ne4 Nf6 22. Nxf6 gxf6 23. Be4 Ke7 24. Qe2 Bxe4 25. Qxe4 Rh8 26. h3 Rag8 27. Qf3 Rg5 28. Rad1 Rh4 29. Re4 Qc6 30. Rde1 Qd5 31. c4 Rxe4 32. Qxe4 Qd7 33. Qc2 e5 34. Kh2 Qd4 35. Re4 Qd6 36. Qe2 Kf8 37. Re3 e4+ 38. Kh1 Qc6 39. f3 exf3 40. Qxf3 Qd6 41. Rd3 Qe7 42. Re3 Qd6 43. Qe2 Kg7 44. Qd3 Qf4 45. Qe2 Rf5 46. Qf3 Qg5 47. Qg3 Rf4 48. b3 Kg6 49. Rd3 Qxg3 50. Rxg3+ Kf5 51. Rf3 1-0

[Event "Armenia Nacional Escolar U17"]
[Site "Armenia"]
[Date "2011.03.09"]
[Round "1.1"]
[White "Cespedes Galindo, Estefania"]
[Black "Valencia Gantiva, Cristian"]
[Result "0-1"]
[WhiteElo "1822"]
[BlackElo "1960"]
[PlyCount "78"]
[EventDate "2011.03.09"]
[EventType "swiss"]
[EventRounds "7"]
[EventCountry "COL"]
[SourceTitle "EXT 2024"]
[Source "ChessBase"]
[SourceDate "2023.10.10"]
[SourceVersion "1"]
[SourceVersionDate "2023.10.10"]
[SourceQuality "1"]

1. d4 Nf6 2. c4 g6 3. Nc3 Bg7 4. e4 0-0 5. f3 d6 6. Be3 c6 7. Bd3 Nbd7 8. Nge2 e5 9. 0-0 Ne8 10. Qd2 Qe7 11. f4 Nef6 12. f5 Ng4 13. fxg6 hxg6 14. d5 Nxe3 15. Qxe3 c5 16. Rf3 Nf6 17. Qg5 Nxd5 18. Qxe7 Nxe7 19. Bc2 a6 20. Rd1 Bg4 21. Rfd3 Nc8 22. Re1 f5 23. exf5 Bxf5 24. Rd2 Bh6 25. Bxf5 Bxd2 26. Be6+ Kg7 27. Rd1 Be3+ 28. Kh1 Bd4 29. Ne4 b6 30. b3 Ra7 31. h3 Re7 32. Ng5 Na7 33. Ng3 Be3 34. N3e4 Bxg5 35. Nxg5 Kf6 36. h4 Rd8 37. Rf1+ Kg7 38. Rf3 Nc6 39. h5 Rh8 0-1

[Event "Medellin Juegos Nales-B 31st"]
[Site "Medellin"]
[Date "2010.10.10"]
[Round "2.1"]
[White "Valencia Gantiva, Cristian"]
[Black "Martinez Romero, Martin"]
[Result "0-1"]
[WhiteElo "1995"]
[BlackElo "2203"]
[PlyCount "64"]
[EventDate "2010.10.10"]
[EventType "swiss"]
[EventRounds "5"]
[EventCountry "COL"]
[SourceTitle "EXT 2024"]
[Source "ChessBase"]
[SourceDate "2023.10.10"]
[SourceVersion "1"]
[SourceVersionDate "2023.10.10"]
[SourceQuality "1"]

1. e4 g6 2. d4 Bg7 3. Nc3 d6 4. Be3 c6 5. g3 Nf6 6. Bg2 0-0 7. h3 Qc7 8. Nge2 e5 9. dxe5 dxe5 10. 0-0 Nbd7 11. Qc1 b5 12. Nb1 Re8 13. Nd2 Nf8 14. c4 a6 15. cxb5 axb5 16. b4 Ne6 17. Nb3 Nd7 18. Na5 Nb6 19. Qc2 Bb7 20. Nc1 Nc4 21. Nxc4 bxc4 22. a4 Ba6 23. Rd1 Red8 24. Rxd8+ Rxd8 25. Bf1 Nd4 26. Qc3 Qd7 27. Bxc4 Qxh3 28. Bxd4 exd4 29. Qd3 Bxc4 30. Qxc4 d3 31. Rb1 d2 32. Nd3 Qd7 0-1